|
|
|
|
| LEADER |
00000cac a22000007a 4500 |
| 005 |
20130712153135.0 |
| 007 |
cr |
| 008 |
051001s2005 sp fs 001 0 spa c |
| 020 |
|
|
|a 8497727010
|
| 035 |
|
|
|a 11453
|
| 040 |
|
|
|d vLex
|
| 041 |
1 |
|
|a spa
|
| 090 |
|
|
|c 4457
|d 4457
|
| 100 |
1 |
|
|a Heras Garca̕, Manuel ℓngel de las
|
| 245 |
1 |
0 |
|a Estatuto ťico-jurd̕ico de la profesin̤ mďica
|h [Recurso electrn̤ico] /
|c Manuel ℓngel de las Heras Garca̕
|
| 256 |
|
|
|a Servicio en ln̕ea
|
| 260 |
|
|
|a Madrid :
|b Dykinson,
|c 2005
|
| 300 |
|
|
|a 1 recurso electrn̤ico
|
| 504 |
|
|
|a Referencias bibliogrf̀icas
|
| 506 |
1 |
|
|a Contenido solo disponible en los productos indicados
|d vLex Global
|d vLex Global (Academic Edition, excluding Law Schools)
|d vLex Global (U.S. Academic Edition, Law Schools)
|d vLex Global (U.S. Academic Edition, excluding Law Schools)
|d vLex Global (Academic Edition, Law Schools)
|
| 650 |
|
4 |
|a Mďicos
|x Ética profesional
|z Espaą
|
| 740 |
0 |
|
|a vLex Libros (Servicio en ln̕ea)
|
| 787 |
0 |
|
|g Indexat en:
|a Vlex Premium
|
| 856 |
4 |
0 |
|z Acceso restringido
|u http://vlex.com/source/estatuto-etico-juridico-de-la-profesion-medica-tomo-ii-11453
|
| 942 |
|
|
|c BOOK
|
| 999 |
0 |
|
|a Physicians
|